Statistics for 2015 Blue Jays Roster

Click here to take the quiz!

General Stats

  • This quiz has been taken 6 times
  • The average score is 17 of 52

Answer Stats

PositionPlayer% Correct
1BEdwin Encarnacion
100%
OFJose Bautista
100%
1BJustin Smoak
100%
CRussell Martin
100%
3BJosh Donaldson
80%
OFKevin Pillar
80%
PMarco Estrada
80%
PR.A. Dickey
80%
2BRyan Goins
80%
OFBen Revere
60%
1BChris Colabello
60%
2BDarwin Barney
60%
2BDevon Travis
60%
PMarcus Stroman
60%
SSTroy Tulowitzki
60%
PAaron Sanchez
40%
OFDalton Pompey
40%
PDavid Price
40%
UTLJonathan Diaz
40%
SSJose Reyes
40%
CJosh Thole
40%
PMark Buerhle
40%
PRoberto Osuna
40%
PAaron Loup
20%
PBrett Cecil
20%
PDaniel Norris
20%
CDioner Navarro
20%
PDrew Hutchison
20%
OFEzequiel Carrera
20%
PLaTroy Hawkins
20%
PMatthew Boyd
20%
OFMichael Saunders
20%
PMiguel Castro
20%
PRyan Tepera
20%
UTLSteven Tolleson
20%
PAndrew Albers
0%
PBo Schultz
0%
PChad Jenkins
0%
SSCliff Pennington
0%
PClot Hynes
0%
3BDanny Valencia
0%
PFelix Doubront
0%
PJeff Francis
0%
PLiam Hendriks
0%
PMark Lowe
0%
1BMatt Hague
0%
SSMunenori Kawasaki
0%
PPhil Coke
0%
PRob Rassmussen
0%
PScott Copeland
0%
PSteve Delabar
0%
PTodd Redmond
0%

Score Distribution

Percentile by Number Answered

Percent of People with Each Score

Your Score History

You have not taken this quiz